000 00312nam a2200133Ia 4500
005 20260326235449.0
008 260326s9999||||xx |||||||||||||| ||und||
100 _aGombrich, Ernst H.
245 4 _aThe Story of Art /
_cErnst H. Gombrich
260 _bPhaidon
300 _a686 p.
650 _aARTE
942 _cBK
999 _c7676
_d7676